[Event "DVM u16 2005"]
[Site "DVM u16 2005"]
[Date "2005.12.27"]
[Round "1.1"]
[White "Kanevski, Vladyslav"]
[Black "Gadschisade, Machmud"]
[Result "0-1"]
[WhiteElo "1728"]
[BlackElo "1856"]
[PlyCount "108"]
[EventDate "1905.??.??"]
[WhiteTeam "SF Köln-Mülheim"]
[BlackTeam "SG Porz"]

1. d4 Nf6 2. Nf3 d5 3. Bf4 e6 4. e3 b6 5. Bd3 Bb7 6. O-O c5 7. c3 Nc6 8. Nbd2
Be7 9. Ne5 O-O 10. Ndf3 Rc8 11. Re1 Nh5 12. Bg3 Nxg3 13. hxg3 Nxe5 14. Nxe5 Bf6
15. Nf3 Re8 16. Qc2 h6 17. Rad1 e5 18. dxe5 Bxe5 19. Rd2 Qf6 20. Nxe5 Rxe5 21.
Red1 d4 22. exd4 cxd4 23. c4 b5 24. Bf1 Be4 25. Qb3 bxc4 26. Bxc4 Bxg2 27.
Bxf7+ Qxf7 28. Qxf7+ Kxf7 29. Kxg2 Rb8 30. b3 Ra5 31. Rc1 Rd8 32. Rc4 Ke6 33.
f4 Kf5 34. Kf3 h5 35. a4 Rad5 36. b4 d3 37. Rc3 Rd4 38. Rb3 g5 39. fxg5 Kxg5
40. Ke3 Kg4 41. Rb1 R4d6 42. Rbd1 Re6+ 43. Kf2 Rf6+ 44. Kg1 Rf3 45. Rc1 Rxg3+
46. Kh2 Re3 47. Rg1+ Kf4 48. Rf2+ Rf3 49. Rd2 Ke3 50. Rdd1 d2 51. b5 Kd3 52. a5
Rf5 53. b6 axb6 54. axb6 Rb5 0-1

[Event "DVM u16 2005"]
[Site "DVM u16 2005"]
[Date "2005.12.27"]
[Round "1.2"]
[White "Liwerant, Igor"]
[Black "Steinbach, Ulrich"]
[Result "0-1"]
[WhiteElo "1466"]
[BlackElo "1673"]
[PlyCount "94"]
[EventDate "1905.??.??"]

1. e4 c5 2. Nf3 d6 3. d4 cxd4 4. Nxd4 Nf6 5. Nc3 e6 6. Be3 Be7 7. Be2 O-O 8.
O-O a6 9. f4 Qc7 10. f5 e5 11. Nb3 b5 12. a3 Bb7 13. Nd5 Nxd5 14. exd5 Nd7 15.
Rc1 Nb6 16. Bxb6 Qxb6+ 17. Kh1 Bg5 18. Rb1 Rac8 19. Bh5 a5 20. Qg4 Bf6 21. Qe4
a4 22. Nd2 Qc5 23. c3 Bxd5 24. Qg4 Qe3 25. Nf3 Rc4 26. Qg3 Qf4 27. Qh3 g6 28.
fxg6 fxg6 29. Rbd1 Bb7 30. Qe6+ Kg7 31. Rxd6 Bc8 32. Qd5 gxh5 33. Nd2 Rd4 34.
cxd4 Qxd2 35. Qxb5 exd4 36. Qb6 Be7 37. Rg1 Bxd6 38. Qxd6 Bb7 39. Qe5+ Kg6 40.
Qe6+ Rf6 41. Qg8+ Kh6 42. h3 Qf4 43. Qd8 Rg6 44. Re1 Bxg2+ 45. Kg1 Bxh3+ 46.
Kh1 Qf3+ 47. Kh2 Qg2# 0-1

[Event "DVM u16 2005"]
[Site "DVM u16 2005"]
[Date "2005.12.27"]
[Round "1.3"]
[White "Khorolinsky, Juliyan"]
[Black "Wittig, Till"]
[Result "1/2-1/2"]
[WhiteElo "1677"]
[BlackElo "1407"]
[PlyCount "161"]
[EventDate "1905.??.??"]

1. e4 e5 2. Nf3 Nc6 3. Bc4 Bc5 4. c3 Nf6 5. d4 exd4 6. cxd4 Bb4+ 7. Nc3 Nxe4 8.
O-O Bxc3 9. d5 Ne7 10. bxc3 d6 11. Re1 Nf6 12. Bg5 h6 13. Bxf6 gxf6 14. Qe2 Bf5
15. Nd4 Bg6 16. f4 Kf8 17. Qg4 h5 18. Qf3 a6 19. f5 Bh7 20. Re3 Qd7 21. Rae1
Nxf5 22. Nxf5 Qxf5 23. Qe2 Kg7 24. Bd3 Qxd5 25. Bc4 Qc5 26. Kh1 Bg6 27. Re7
Rad8 28. Qe6 d5 29. Bd3 Rde8 30. Bxg6 Rxe7 31. Qxe7 Qxe7 32. Rxe7 Kxg6 33. Rxc7
Re8 34. Kg1 Re2 35. a4 Ra2 36. Rxb7 Rxa4 37. Rd7 Ra5 38. Kf2 f5 39. Rd6+ Kg5
40. g3 Ra2+ 41. Kf3 Rxh2 42. Rxd5 Rc2 43. Rc5 a5 44. Rxa5 Rxc3+ 45. Kf2 f6 46.
Ra4 Rc5 47. Kf3 Re5 48. Ra8 Re4 49. Rb8 Ra4 50. Rg8+ Kh6 51. Rf8 Kg7 52. Rb8 h4
53. gxh4 Rxh4 54. Rb5 Kg6 55. Rb2 Kg5 56. Rb8 Rh3+ 57. Kg2 Ra3 58. Rg8+ Kf4 59.
Rf8 Kg5 60. Rg8+ Kh6 61. Rb8 f4 62. Kf2 Kg5 63. Rg8+ Kf5 64. Rb8 Ke4 65. Re8+
Kf5 66. Rb8 f3 67. Rb5+ Kg4 68. Rb4+ Kg5 69. Rb5+ f5 70. Rb8 Rc3 71. Rb4 Ra3
72. Rc4 f4 73. Rc8 Kg4 74. Rg8+ Kf5 75. Rf8+ {(=)} Ke5 76. Re8+ Kd6 77. Rd8+
Ke7 78. Rb8 Ke6 79. Re8+ Kf7 80. Rb8 Ke6 81. Re8+ 1/2-1/2

[Event "DVM u16 2005"]
[Site "DVM u16 2005"]
[Date "2005.12.27"]
[Round "1.4"]
[White "Krause, Fabian"]
[Black "Musiol, Lukas"]
[Result "0-1"]
[WhiteElo "1497"]
[BlackElo "1498"]
[PlyCount "82"]
[EventDate "1905.??.??"]
[WhiteTeam "SG Porz"]
[BlackTeam "SF Köln Mülheim"]

1. d4 Nf6 2. Nf3 g6 3. Bf4 Bg7 4. e3 O-O 5. Nbd2 d6 6. Bd3 Nbd7 7. O-O Nh5 8.
Bg3 Nxg3 9. fxg3 e5 10. c3 Qe7 11. Qc2 d5 12. e4 exd4 13. cxd4 dxe4 14. Bxe4
Nf6 15. Rfe1 Nxe4 16. Rxe4 Qd8 17. Qc5 Bf5 18. Re7 b6 19. Qxc7 Bxd4+ 20. Kh1
Qxc7 21. Rxc7 Bxb2 22. Re1 Bf6 23. Nh4 Be6 24. a3 Rfc8 25. Rec1 Rxc7 26. Rxc7
Rc8 27. Rxc8+ Bxc8 28. Ne4 Be7 29. a4 f5 30. Nc3 Bb4 31. Nd5 Bc5 32. Nf3 Bb7
33. Nf6+ Kg7 34. Nd7 Bxf3 35. gxf3 Bd6 36. g4 fxg4 37. fxg4 g5 38. Kg2 Kf7 39.
Kf3 Ke6 40. Nxb6 axb6 41. h3 Ke5 0-1

[Event "DVM u16 2005"]
[Site "DVM u16 2005"]
[Date "2005.12.27"]
[Round "1.1"]
[White "Rosner, Jonas"]
[Black "Knickel, Aaron"]
[Result "1-0"]
[WhiteElo "1853"]
[BlackElo "1918"]
[PlyCount "49"]
[EventDate "1905.??.??"]
[WhiteTeam "SK 26 Ettlingen"]
[BlackTeam "SF Neuberg"]

1. e4 g6 2. d4 Bg7 3. Nc3 d6 4. Be3 a6 5. Qd2 b5 6. f3 Nd7 7. O-O-O Bb7 8. h4
h5 9. Nh3 Ngf6 10. Nf2 c5 11. Kb1 cxd4 12. Bxd4 Ne5 13. f4 Bh6 14. Qe1 Ned7 15.
e5 dxe5 16. fxe5 Nd5 17. Nxd5 Bxd5 18. e6 Nf6 19. Bxf6 exf6 20. c4 bxc4 21.
Bxc4 Bxc4 22. Rxd8+ Rxd8 23. e7 Rc8 24. Qb4 f5 25. Rd1 1-0

[Event "DVM u16 2005"]
[Site "DVM u16 2005"]
[Date "2005.12.27"]
[Round "1.2"]
[White "Weber, Max"]
[Black "Weber, Raphael"]
[Result "0-1"]
[WhiteElo "1885"]
[BlackElo "1635"]
[PlyCount "134"]
[EventDate "1905.??.??"]

1. b3 d5 2. Bb2 Bf5 3. e3 e6 4. f4 Nf6 5. Nf3 c5 6. d3 Nc6 7. a3 Be7 8. Nbd2
Qc7 9. Qe2 Bg6 10. g3 h6 11. Bh3 a6 12. e4 Qd7 13. Ne5 Nxe5 14. fxe5 Nh7 15.
exd5 Qxd5 16. Bg2 Qd7 17. Nc4 Qc7 18. Nd6+ Bxd6 19. exd6 Qa5+ 20. Qd2 Qxd2+ 21.
Kxd2 O-O 22. Bxb7 Ra7 23. Bc6 Rd8 24. Be5 Nf8 25. Bf4 Rc8 26. Bf3 Rd7 27. Rhe1
Bh7 28. g4 f6 29. Bg3 e5 30. Bd5+ Kh8 31. h4 Rxd6 32. Bc4 Ne6 33. Re3 Bg8 34.
Rf1 Nd4 35. Bxg8 Kxg8 36. g5 Re8 37. Kc3 Kh7 38. Bh2 Rde6 39. Rfe1 a5 40. a4
Rb6 41. Rf1 Ree6 42. Kd2 Rb4 43. Re4 Rd6 44. Kc1 Nc6 45. Bg1 Rxe4 46. dxe4 Nd4
47. Kb2 hxg5 48. hxg5 fxg5 49. Bh2 Re6 50. c3 Ne2 51. Rf5 Kg6 52. Bxe5 g4 53.
Kc2 g3 54. Bxg3 Nxg3 55. Rxc5 Nxe4 56. Rxa5 Kf6 57. Kd3 g5 58. c4 Nf2+ 59. Kd4
g4 60. c5 g3 61. c6 Rxc6 62. Ke3 Rc3+ 63. Ke2 Ng4 64. Rd5 Re3+ 65. Kf1 Re4 66.
Rd2 Ne3+ 67. Kg1 Rf4 0-1

[Event "DVM u16 2005"]
[Site "DVM u16 2005"]
[Date "2005.12.27"]
[Round "1.3"]
[White "Volz, Daniel"]
[Black "Seifert, Christopher"]
[Result "0-1"]
[WhiteElo "1428"]
[BlackElo "1809"]
[PlyCount "116"]
[EventDate "1905.??.??"]
[WhiteTeam "SK 26 Ettlingen"]
[BlackTeam "SF Neuberg"]

1. d4 Nf6 2. c4 c5 3. d5 b5 4. b3 g6 5. Bb2 Bg7 6. Nf3 d6 7. Nbd2 O-O 8. g3
Nbd7 9. Bg2 Rb8 10. Rb1 Qa5 11. Qc2 bxc4 12. Bc3 cxb3 13. Nxb3 Qa4 14. Rb2 Bb7
15. O-O Bxd5 16. Nfd2 Bxg2 17. Kxg2 Qc6+ 18. Kg1 Nb6 19. Na5 Qd7 20. Rfb1 Qc7
21. Nac4 Nxc4 22. Nxc4 Nd7 23. Bxg7 Kxg7 24. Qa4 Rxb2 25. Rxb2 Rb8 26. Qa3 Nf6
27. Qc3 Rxb2 28. Qxb2 d5 29. Ne3 Qb6 30. Qa1 e6 31. Ng4 d4 32. Ne5 Qd6 33. Nc4
Qd5 34. Qc1 Ne4 35. Qc2 Nc3 36. Qd3 e5 37. e3 e4 38. Qf1 d3 39. Nd2 Qxa2 40.
Qe1 f5 41. Kh1 c4 42. Qc1 Ne2 43. Qxc4 Qxc4 44. Nxc4 Kf6 45. Kg2 Ke6 46. Kf1
Kd5 47. Na5 Kc5 48. Ke1 Kb5 49. Nb3 Kb4 50. Nd2 a5 51. Nb1 a4 52. Kd1 Nc3+ 53.
Nxc3 Kxc3 54. Kc1 d2+ 55. Kd1 Kd3 56. h4 a3 57. h5 a2 58. hxg6 a1=R# 0-1

[Event "DVM u16 2005"]
[Site "DVM u16 2005"]
[Date "2005.12.27"]
[Round "1.4"]
[White "Hummel, Dennis"]
[Black "Krepper, Christian"]
[Result "1-0"]
[WhiteElo "1548"]
[BlackElo "1234"]
[PlyCount "51"]
[EventDate "1905.??.??"]

1. e3 e5 2. d4 exd4 3. exd4 d5 4. Bd3 Nc6 5. Nf3 Bg4 6. c3 Nf6 7. O-O Qd7 8. h3
Bxh3 9. gxh3 Qxh3 10. Re1+ Kd7 11. Ne5+ Nxe5 12. Rxe5 Qh4 13. Bg5 Qh5 14. Qxh5
Nxh5 15. Rxd5+ Kc6 16. Be4 Kb6 17. Na3 a6 18. Nc4+ Ka7 19. Rd7 Rc8 20. Rxf7 h6
21. Be3 Nf6 22. Bf3 h5 23. d5+ Kb8 24. d6 c6 25. d7 Rd8 26. Rd1 1-0

[Event "DVM u16 2005"]
[Site "DVM u16 2005"]
[Date "2005.12.27"]
[Round "1.1"]
[White "Lange, Jan-David"]
[Black "Berwanger, Tobias"]
[Result "1-0"]
[WhiteElo "1913"]
[BlackElo "1594"]
[PlyCount "33"]
[EventDate "1905.??.??"]
[WhiteTeam "SC Tamm"]
[BlackTeam "SF Hörden"]

1. e4 e6 2. d4 d5 3. Nc3 Nf6 4. Bg5 Be7 5. e5 Nfd7 6. Bxe7 Qxe7 7. Nf3 c5 8.
Nb5 Qd8 9. Nd6+ Kf8 10. Qd2 h6 11. Qf4 f6 12. exf6 Nxf6 13. Ne5 g5 14. Qg3 Kg7
15. h4 Nh5 16. Qf3 Qxd6 17. Qf7# 1-0

[Event "DVM u16 2005"]
[Site "DVM u16 2005"]
[Date "2005.12.27"]
[Round "1.2"]
[White "Straßer, Manuel"]
[Black "Schäfer, Alexander"]
[Result "1/2-1/2"]
[WhiteElo "1485"]
[BlackElo "1784"]
[PlyCount "65"]
[EventDate "1905.??.??"]
[WhiteTeam "SF Hörden"]
[BlackTeam "SC Tamm"]

1. c4 Nf6 2. Nc3 g6 3. g3 Bg7 4. Bg2 c5 5. Nf3 Nc6 6. O-O O-O 7. a3 d6 8. Rb1
a5 9. d3 Bd7 10. Bd2 Qc8 11. Re1 Re8 12. Qc1 a4 13. b3 axb3 14. Rxb3 Na5 15.
Rb6 Bc6 16. Rb1 d5 17. cxd5 Nxd5 18. Nxd5 Bxd5 19. Rb5 Nb3 20. Qc2 {(=)} Rxa3
21. Bc1 Ra6 22. Rxb3 Bxb3 23. Qxb3 Qc7 24. Bf4 e5 25. Be3 Rea8 26. Nd2 Ra1 27.
Rf1 Rxf1+ 28. Nxf1 Rb8 29. Bd5 b5 30. Nd2 Rd8 31. Bg2 Qa5 32. Bd5 Qc7 33. Bg2
1/2-1/2

[Event "DVM u16 2005"]
[Site "DVM u16 2005"]
[Date "2005.12.27"]
[Round "1.3"]
[White "Döring, Andreas"]
[Black "Krmpotic, Manuel"]
[Result "1-0"]
[WhiteElo "1693"]
[BlackElo "1476"]
[PlyCount "39"]
[EventDate "1905.??.??"]

1. e4 e6 2. d4 d5 3. Nd2 Nf6 4. e5 Nfd7 5. Bd3 c5 6. c3 Nc6 7. Ne2 Qb6 8. Nf3
cxd4 9. cxd4 Bb4+ 10. Bd2 Qa5 11. O-O Bxd2 12. Nxd2 b6 13. Nb3 Qa4 14. Nc3 Qb4
15. a3 Qe7 16. Nb5 O-O 17. Rc1 Bb7 18. Nd6 Ndb8 19. Rc3 f6 20. Bxh7+ 1-0

[Event "DVM u16 2005"]
[Site "DVM u16 2005"]
[Date "2005.12.27"]
[Round "1.4"]
[White "Gerstner, David"]
[Black "Jannes, Alexander"]
[Result "1/2-1/2"]
[WhiteElo "1129"]
[BlackElo "1660"]
[PlyCount "50"]
[EventDate "1905.??.??"]

1. d4 d5 2. Nf3 c6 3. Bf4 Nf6 4. c4 Bf5 5. Nc3 e6 6. e3 Bd6 7. Bxd6 Qxd6 8. Be2
O-O 9. Qb3 Qe7 10. O-O dxc4 11. Bxc4 b5 12. Be2 a5 13. Qd1 Nbd7 14. Rc1 Nb6 15.
Ne5 Rfc8 16. f3 Nfd7 17. Nd3 Nd5 18. Nxd5 exd5 19. Qd2 Ra6 20. Rfe1 Nb6 21. Nc5
Ra7 22. Bf1 Nd7 23. Nd3 Bxd3 24. Bxd3 Nb6 25. e4 Qd7 1/2-1/2

[Event "DVM u16 2005"]
[Site "Berlin"]
[Date "2005.12.27"]
[Round "2.1"]
[White "Schneider, David"]
[Black "Babczyk, Adrian"]
[Result "1-0"]
[WhiteElo "2192"]
[BlackElo "1948"]
[PlyCount "71"]
[EventDate "2000.??.??"]

1. e4 c5 2. Nf3 d6 3. c3 g6 4. d4 cxd4 5. cxd4 Bg7 6. Nc3 a6 7. a4 Nc6 8. Be3
e6 9. Be2 Nge7 10. h4 h6 11. Qd2 d5 12. e5 Na5 13. Rb1 Qc7 14. O-O Bd7 15. b4
Nc4 16. Bxc4 dxc4 17. b5 axb5 18. axb5 Nd5 19. Ne4 Bf8 20. Rfe1 Be7 21. Bxh6
Ra4 22. Bg5 Rb4 23. Bxe7 Rxb1 24. Rxb1 Kxe7 25. Qg5+ Kf8 26. Ra1 Kg7 27. Nf6
Qd8 28. Nh5+ Kh7 29. Qg3 Kg8 30. Nf4 Nxf4 31. Qxf4 Rh5 32. Ng5 Rxg5 33. hxg5
Bxb5 34. Ra3 Bc6 35. Rh3 Qf8 36. Qf6 1-0

[Event "DVM u16 2005"]
[Site "Berlin"]
[Date "2005.12.27"]
[Round "2.2"]
[White "Strathoff, Martin"]
[Black "Seyb, Alexander"]
[Result "0-1"]
[WhiteElo "1945"]
[BlackElo "2068"]
[PlyCount "62"]
[EventDate "2000.??.??"]

1. d4 g6 2. e4 Bg7 3. Nf3 d5 4. exd5 Qxd5 5. c4 Qd8 6. Be2 c5 7. d5 Nh6 8. Nc3
O-O 9. O-O Nf5 10. Bf4 Nd7 11. Qd2 a6 12. Bd3 Nd4 13. Nxd4 cxd4 14. Ne4 Ne5 15.
Rfe1 Nxd3 16. Qxd3 e5 17. dxe6 Bxe6 18. Bg5 Qc7 19. b3 Bf5 20. Rad1 b5 21. cxb5
axb5 22. Qxb5 Ra5 23. Bf4 Qxf4 24. Qxa5 Bxe4 25. f3 Bf5 26. Qd5 Bf6 27. g3 Qg5
28. b4 Rd8 29. Qc6 Bd7 30. Qc7 Ba4 31. f4 Qd5 0-1

[Event "DVM u16 2005"]
[Site "Berlin"]
[Date "2005.12.27"]
[Round "2.3"]
[White "Linsenmeyer, Mario"]
[Black "Tkachuk, Konstantyn"]
[Result "1-0"]
[WhiteElo "1930"]
[BlackElo "1955"]
[PlyCount "39"]
[EventDate "2000.??.??"]

1. e4 e5 2. Nf3 Nc6 3. d4 exd4 4. Nxd4 Bc5 5. Be3 Qf6 6. c3 Nge7 7. g3 d5 8.
Bg2 dxe4 9. Nd2 Nxd4 10. Nxe4 Qg6 11. Bxd4 Bxd4 12. Qxd4 O-O 13. O-O c6 14. Nc5
b6 15. Nd7 Nf5 16. Nxf8 Qg5 17. Qb4 Ne7 18. Rfe1 Kxf8 19. Bxc6 Rb8 20. Qd6 1-0

[Event "DVM u16 2005"]
[Site "Berlin"]
[Date "2005.12.27"]
[Round "2.4"]
[White "Rohovoy, Dimitrij"]
[Black "Hofmann, Benjamin"]
[Result "0-1"]
[WhiteElo "1469"]
[BlackElo "1877"]
[PlyCount "57"]
[EventDate "2000.??.??"]

1. d4 g6 2. c4 Bg7 3. e3 d6 4. Nc3 Nd7 5. Nf3 e5 6. Be2 Ngf6 7. O-O O-O 8. b4
Re8 9. Bb2 c6 10. b5 e4 11. Nd2 Qe7 12. Nb3 c5 13. Qc2 cxd4 14. Nxd4 Nc5 15.
Nb3 Bf5 16. Nxc5 dxc5 17. Rad1 Rad8 18. a4 b6 19. Ra1 Qe6 20. a5 Rd6 21. axb6
axb6 22. Ra6 Red8 23. Rd1 Rxd1+ 24. Nxd1 Qd6 25. Bc1 Ng4 26. g3 Ne5 27. Nb2
Nf3+ 28. Bxf3 exf3 29. Qb3 0-1

[Event "DVM u16 2005"]
[Site "Berlin"]
[Date "2005.12.27"]
[Round "2.1"]
[White "Hirneise, Tobias"]
[Black "Shmirina, Evgenija"]
[Result "0-1"]
[WhiteElo "2149"]
[BlackElo "2078"]
[PlyCount "108"]
[EventDate "2000.??.??"]

1. e4 d6 2. d4 Nf6 3. Nc3 e5 4. Nf3 Nbd7 5. Bc4 Be7 6. O-O O-O 7. Re1 c6 8. a4
a5 9. b3 Qc7 10. Ba3 h6 11. Qd2 Re8 12. d5 Nb6 13. Rad1 Rd8 14. h3 Bd7 15. Bf1
Rac8 16. Rc1 cxd5 17. Nxd5 Nbxd5 18. exd5 Qc3 19. Qxc3 Rxc3 20. Bb2 Rcc8 21. c4
b6 22. Bd3 Nh7 23. Rc2 f5 24. Nd4 g6 25. Nb5 Bxb5 26. axb5 Nf6 27. Rcc1 Nd7 28.
Ba3 Nc5 29. Bxc5 Rxc5 30. Ra1 Rc7 31. Reb1 Bf6 32. Ra2 e4 33. Bf1 Bc3 34. Rc2
Bb4 35. g3 Kf7 36. Re2 Kf6 37. Bg2 Re7 38. Kf1 Rde8 39. Rd1 g5 40. f3 exf3 41.
Bxf3 Re3 42. Kf2 Bc5 43. Rxe3 Rxe3 44. Re1 Rxb3+ 45. Kg2 Be3 46. Be2 f4 47.
gxf4 gxf4 48. Rd1 a4 49. Ra1 a3 50. Bd1 Rb2+ 51. Kf3 Kf5 52. Be2 a2 53. Bd3+
Ke5 54. c5 h5 0-1

[Event "DVM u16 2005"]
[Site "Berlin"]
[Date "2005.12.27"]
[Round "2.2"]
[White "Graf, Felix"]
[Black "Hirneise, Jens"]
[Result "1-0"]
[WhiteElo "2069"]
[BlackElo "1902"]
[PlyCount "53"]
[EventDate "2000.??.??"]

1. d4 Nf6 2. c4 g6 3. Nc3 Bg7 4. e4 d6 5. f3 O-O 6. Be3 a6 7. Nge2 Nbd7 8. d5
c5 9. a4 b6 10. Ng3 Ne8 11. f4 Nc7 12. Bd3 e6 13. O-O exd5 14. cxd5 f6 15. e5
fxe5 16. f5 e4 17. Bxe4 Ne5 18. Qe2 a5 19. fxg6 hxg6 20. Rxf8+ Qxf8 21. Rf1 Qe7
22. Bf4 Bg4 23. Qc2 g5 24. Bc1 Rf8 25. Bf5 Bxf5 26. Nxf5 Qf6 27. Ne4 1-0

[Event "DVM u16 2005"]
[Site "Berlin"]
[Date "2005.12.27"]
[Round "2.3"]
[White "Zeyher, Marius"]
[Black "Winkelmann, Elena"]
[Result "1/2-1/2"]
[WhiteElo "1611"]
[BlackElo "2000"]
[PlyCount "83"]
[EventDate "2000.??.??"]

1. e4 c5 2. Nf3 e6 3. d4 cxd4 4. Nxd4 a6 5. Nc3 Qc7 6. g3 b5 7. Bg2 Bb7 8. O-O
d6 9. Qe2 Nd7 10. a3 Ngf6 11. f4 h5 12. Nb3 Be7 13. h3 Nb6 14. f5 Nc4 15. fxe6
fxe6 16. Nd2 Ne5 17. Nf3 Nc4 18. Nd2 Qc5+ 19. Kh1 Ne3 20. Rxf6 Bxf6 21. Nb3 Qc7
22. Qxe3 O-O 23. Nd4 Qe7 24. Bd2 Rac8 25. Nde2 h4 26. g4 Qd7 27. Rf1 a5 28. g5
Be5 29. Rxf8+ Rxf8 30. Be1 b4 31. axb4 axb4 32. Nd1 Qa4 33. Qb3 Qd7 34. Bxh4
Ba6 35. Qe3 Qa4 36. Qd2 Rc8 37. Ne3 Qa1+ 38. Ng1 Qxb2 39. g6 Bf4 40. Qf2 Rf8
41. Bg3 Bh6 42. Qd2 1/2-1/2

[Event "DVM u16 2005"]
[Site "Berlin"]
[Date "2005.12.27"]
[Round "2.4"]
[White "Rudolf, Sebastian"]
[Black "Belzner, Jonas"]
[Result "1-0"]
[WhiteElo "1901"]
[BlackElo "1582"]
[PlyCount "51"]
[EventDate "2000.??.??"]

1. e4 d5 2. exd5 Qxd5 3. Nc3 Qa5 4. d4 c6 5. Bc4 Bf5 6. Bd2 e6 7. Qe2 Bb4 8.
O-O-O Nf6 9. a3 Bxc3 10. Bxc3 Qd8 11. f3 O-O 12. g4 Bg6 13. h4 h6 14. Nh3 Nd5
15. Bd2 Nd7 16. f4 Re8 17. Qg2 N5f6 18. Nf2 Qb6 19. h5 Bh7 20. g5 Qxd4 21. gxf6
Qxf6 22. Kb1 e5 23. Ng4 Qe7 24. Nxh6+ Kf8 25. Nxf7 Bg8 26. h6 1-0

[Event "DVM u16 2005"]
[Site "Berlin"]
[Date "2005.12.27"]
[Round "2.1"]
[White "Huschenbeth, Niclas"]
[Black "Kanevski, Vladyslav"]
[Result "1-0"]
[WhiteElo "2272"]
[BlackElo "1728"]
[PlyCount "69"]
[EventDate "2000.??.??"]

1. e4 c5 2. Nf3 e6 3. d4 cxd4 4. Nxd4 Nf6 5. Nc3 Nc6 6. Nxc6 bxc6 7. e5 Nd5 8.
Ne4 Qc7 9. f4 Qb6 10. c4 Bb4+ 11. Ke2 Ba6 12. Kf3 f5 13. exf6 Nxf6 14. c5 Qa5
15. Nxf6+ gxf6 16. Bxa6 Qxa6 17. Qd4 Qb5 18. Be3 O-O-O 19. Rhd1 Rhe8 20. Qd3 e5
21. Qxb5 cxb5 22. f5 Kb7 23. a3 Ba5 24. Rd6 Rf8 25. Rad1 Rf7 26. c6+ Kc8 27.
cxd7+ Kb7 28. R6d5 a6 29. a4 Bb6 30. axb5 Bxe3 31. Kxe3 axb5 32. Rxb5+ Kc6 33.
Rbd5 Kc7 34. R5d3 Rg7 35. Rc1+ 1-0

[Event "DVM u16 2005"]
[Site "Berlin"]
[Date "2005.12.27"]
[Round "2.2"]
[White "Steinbach, Ulrich"]
[Black "Moshtael, Wesal"]
[Result "1-0"]
[WhiteElo "1673"]
[BlackElo "1966"]
[PlyCount "73"]
[EventDate "2000.??.??"]

1. e4 c5 2. Nf3 Nc6 3. d4 cxd4 4. Nxd4 Nf6 5. Nc3 d6 6. Be3 e6 7. f3 a6 8. Qd2
Qc7 9. Be2 Be7 10. O-O-O b5 11. g4 Nd7 12. h4 Na5 13. Rdg1 Ne5 14. Bg5 Nec4 15.
Qe1 Bxg5+ 16. hxg5 Qc5 17. Nb3 Qxg5+ 18. Kb1 Nxb3 19. axb3 Ne5 20. Qg3 Qe7 21.
f4 Nc6 22. g5 Bb7 23. g6 fxg6 24. Rxh7 O-O-O 25. Qxg6 Rxh7 26. Qxh7 Rd7 27. Bg4
Rc7 28. Nd5 Qe8 29. Nxc7 Kxc7 30. Bh5 Qc8 31. Rxg7+ Kb6 32. Bg4 Nd4 33. c3 Nxb3
34. Bxe6 Bxe4+ 35. Qxe4 Nd2+ 36. Kc2 Nxe4 37. Bxc8 1-0

[Event "DVM u16 2005"]
[Site "Berlin"]
[Date "2005.12.27"]
[Round "2.3"]
[White "Schmidt, Armin"]
[Black "Khorolinsky, Juliyan"]
[Result "1-0"]
[WhiteElo "1910"]
[BlackElo "1677"]
[PlyCount "97"]
[EventDate "2000.??.??"]

1. e4 e5 2. Nf3 Nc6 3. Bc4 Nf6 4. d3 Bc5 5. c3 d6 6. b4 Bb6 7. a4 a6 8. O-O Be6
9. Nbd2 O-O 10. Bb2 Re8 11. Re1 Qd7 12. Qc2 Rad8 13. Bxe6 fxe6 14. Nc4 Ba7 15.
b5 Ne7 16. Qb3 c6 17. Ba3 Bb8 18. Nb6 Qc7 19. bxa6 bxa6 20. Qxe6+ Kh8 21. Qb3
Ng6 22. Ng5 d5 23. a5 h6 24. Nf3 dxe4 25. dxe4 Rd3 26. Rad1 Red8 27. Rxd3 Rxd3
28. Qc4 Nf4 29. Bc5 Qd8 30. Be3 N6h5 31. Qxc6 Kh7 32. Qc4 Qd6 33. g3 Qg6 34.
Nh4 Qg4 35. Bxf4 Nxf4 36. Nd5 Rd1 37. Rxd1 Nh3+ 38. Kg2 Nxf2 39. Rb1 Ba7 40.
Nb6 Nxe4 41. Nf3 Qf5 42. Re1 Nd6 43. Qe2 e4 44. Nd2 Qxa5 45. Nbc4 Nxc4 46.
Qxe4+ Kh8 47. Nxc4 Qa2+ 48. Re2 Qa1 49. Qa8+ 1-0

[Event "DVM u16 2005"]
[Site "Berlin"]
[Date "2005.12.27"]
[Round "2.4"]
[White "Musiol, Lukas"]
[Black "Wenzel, Birger"]
[Result "1-0"]
[WhiteElo "1498"]
[BlackElo "1672"]
[PlyCount "109"]
[EventDate "2000.??.??"]

1. d4 Nf6 2. c4 c5 3. d5 b5 4. f3 g6 5. e4 d6 6. b3 Bg7 7. Bb2 O-O 8. Bd3 e6 9.
Ne2 Na6 10. Nd2 Nc7 11. O-O Bh6 12. h3 Nh5 13. f4 exd5 14. exd5 Qe7 15. Kh1 f5
16. Rf3 Bd7 17. Nf1 Rae8 18. Nfg3 Nf6 19. Qc2 Bg7 20. Nf1 Qf7 21. Re3 Rxe3 22.
Nxe3 Re8 23. Qd2 Ne4 24. Bxe4 Bxb2 25. Qxb2 Rxe4 26. Nf1 bxc4 27. Nfg3 Nxd5 28.
Nxe4 fxe4 29. bxc4 Ne3 30. Qb8+ Qf8 31. Qb7 Bf5 32. g4 Qc8 33. Qxc8+ Bxc8 34.
Rc1 Be6 35. Ng3 Bxc4 36. Nxe4 Bd5 37. Kg1 Bxe4 38. Re1 d5 39. Rxe3 c4 40. Kf2
Kf7 41. Ra3 d4 42. Ra4 Bd3 43. Ke1 Ke6 44. Kd2 Kd5 45. Rxa7 Ke4 46. Re7+ Kxf4
47. a4 h5 48. a5 Be4 49. Rxe4+ Kxe4 50. a6 c3+ 51. Kc1 Ke3 52. a7 c2 53. a8=Q
d3 54. Qe8+ Kd4 55. Kd2 1-0

[Event "DVM u16 2005"]
[Site "Berlin"]
[Date "2005.12.27"]
[Round "2.1"]
[White "Lange, Jan-David"]
[Black "Bracker, Frank"]
[Result "1-0"]
[WhiteElo "1913"]
[BlackElo "1964"]
[PlyCount "65"]
[EventDate "2000.??.??"]

1. e4 c5 2. Nf3 d6 3. d4 cxd4 4. Nxd4 Nf6 5. Nc3 a6 6. Bg5 e6 7. f4 Qc7 8. Be2
Be7 9. Qd2 Nbd7 10. O-O b5 11. Bf3 Bb7 12. Kh1 b4 13. Nce2 Bxe4 14. Qxb4 Bxf3
15. Rxf3 Nd5 16. Qa4 Bxg5 17. fxg5 O-O 18. c3 Ne5 19. Rh3 Qe7 20. Qc2 g6 21.
Rg3 f5 22. gxf6 Rxf6 23. Ng1 Raf8 24. Ngf3 Nc4 25. Re1 Kh8 26. Qe4 Nxb2 27.
Qxd5 Qc7 28. Nxe6 Qxc3 29. Rg1 Nd3 30. h3 Re8 31. Nfg5 Nf2+ 32. Kh2 Qc8 33. Rf3
1-0

[Event "DVM u16 2005"]
[Site "Berlin"]
[Date "2005.12.27"]
[Round "2.2"]
[White "Held, Florian"]
[Black "Schäfer, Alexander"]
[Result "1-0"]
[WhiteElo "1981"]
[BlackElo "1784"]
[PlyCount "45"]
[EventDate "2000.??.??"]

1. e4 c5 2. Nf3 e6 3. d4 cxd4 4. Nxd4 Nf6 5. Nc3 Nc6 6. Ndb5 Bb4 7. a3 Bxc3+ 8.
Nxc3 d5 9. exd5 exd5 10. Bd3 d4 11. Ne2 O-O 12. O-O Bg4 13. f3 Be6 14. Nf4 Re8
15. Nxe6 Rxe6 16. f4 Qa5 17. f5 Ree8 18. Bg5 Ne4 19. Bh4 Qb6 20. Qg4 Nc5 21.
Bf6 g6 22. fxg6 fxg6 23. Bxg6 1-0

[Event "DVM u16 2005"]
[Site "Berlin"]
[Date "2005.12.27"]
[Round "2.3"]
[White "Döring, Andreas"]
[Black "Colpe, Malte"]
[Result "0-1"]
[WhiteElo "1693"]
[BlackElo "1937"]
[PlyCount "46"]
[EventDate "2000.??.??"]

1. e4 e5 2. Nf3 Nc6 3. Bc4 Bc5 4. b4 Bxb4 5. c3 Ba5 6. d4 exd4 7. O-O d3 8. Qb3
Qf6 9. e5 Qg6 10. Ba3 Nge7 11. Nd4 Bb6 12. Nxc6 Nxc6 13. Nd2 Nxe5 14. Rae1 d6
15. Nf3 Bh3 16. g3 O-O-O 17. Nxe5 dxe5 18. Bxf7 Qf6 19. Bh5 g6 20. Bd1 d2 21.
Re2 Qf3 22. Qd5 Rxd5 23. Rxd2 Qg2# 0-1

[Event "DVM u16 2005"]
[Site "Berlin"]
[Date "2005.12.27"]
[Round "2.4"]
[White "Meise, Leonard"]
[Black "Jannes, Alexander"]
[Result "1-0"]
[WhiteElo "1862"]
[BlackElo "1660"]
[PlyCount "61"]
[EventDate "2000.??.??"]

1. e4 c6 2. d4 d5 3. Nd2 dxe4 4. Nxe4 Bf5 5. Ng3 Bg6 6. h4 h6 7. Nf3 Nd7 8. h5
Bh7 9. Bd3 Bxd3 10. Qxd3 e6 11. Bf4 Ngf6 12. O-O-O Nd5 13. Bd2 N7f6 14. Rhe1
Qc7 15. Ne5 O-O-O 16. Kb1 Nb6 17. c3 Bd6 18. Qf3 Bxe5 19. dxe5 Nfd5 20. Qg4
Rhg8 21. c4 Ne7 22. Ba5 Rxd1+ 23. Qxd1 Qd7 24. Qe2 Rd8 25. Ne4 Kc7 26. c5 Qd5
27. cxb6+ axb6 28. Bc3 Ra8 29. b3 Rd8 30. Kc2 Nf5 31. Rd1 1-0

[Event "DVM u16 2005"]
[Site "Berlin"]
[Date "2005.12.27"]
[Round "2.1"]
[White "Knickel, Aaron"]
[Black "Lorenz, Nicole"]
[Result "1-0"]
[WhiteElo "1918"]
[BlackElo "1609"]
[PlyCount "69"]
[EventDate "2000.??.??"]

1. e4 c6 2. d4 d5 3. exd5 cxd5 4. c4 Nf6 5. Nc3 Nc6 6. Bg5 e6 7. Nf3 Be7 8. a3
h6 9. Bh4 O-O 10. c5 a5 11. Bb5 Bd7 12. O-O Ne8 13. Bxe7 Nxe7 14. Bd3 Nc6 15.
Na4 Qc7 16. Nb6 Rd8 17. Re1 Nf6 18. Bc2 Rfe8 19. Ne5 Nxe5 20. Rxe5 Nh7 21. Qd3
Nf8 22. Qd2 Bc6 23. Qxa5 Nd7 24. Ree1 Ra8 25. Qb4 Rad8 26. Nxd7 Rxd7 27. a4
Rde7 28. Qc3 e5 29. dxe5 Rxe5 30. Rxe5 Rxe5 31. b4 Qe7 32. h3 Re2 33. Bd3 Re5
34. b5 Bd7 35. Kf1 1-0